000 00800nam a2200205Ia 4500
001 10115
003 GE_BSU
008 181216s||||||||xx |||||||||||||| ||und||
020 _a9789941446344
040 _cGE_BSU
080 _a630(479.22)(09)
100 _aყიფშიძე, იოსებ
245 _aსატყეო მეურნეობის ისტორიის საკითხები
245 _cსაგამომც. ჯგუფი ეთერ კვანჭიანი,ვლადიმერ პერანიძე,ალექსანდრე ჯიქურიძე,ილია ხელაია
260 _aთბილისი
260 _bინტელექტი
260 _c2013
300 _a167გვ.20სმ.
942 _cBK
999 _c43387
_d43387